Em. Kant y la Escuela filosófica de Marburgo / (Record no. 111844)

MARC details
000 -LEADER
campo de control de longitud fija 00675nam a2200193 i 4500
001 - NÚMERO DE CONTROL
campo de control 111844
003 - IDENTIFICADOR DE NÚMERO DE CONTROL
campo de control ES-MaACL
005 - FECHA Y HORA DE LA ÚLTIMA TRANSACCIÓN
campo de control 20240125164729.0
007 - CAMPO FIJO DE DESCRIPCIÓN FÍSICA--INFORMACIÓN GENERAL
campo de control de longitud fija t|
008 - DATOS DE LONGITUD FIJA--INFORMACIÓN GENERAL
campo de control de longitud fija 061121s1915 sp |||| | spa d
100 1# - ENTRADA PRINCIPAL--NOMBRE DE PERSONA
Nombre de persona Natorp, Paul.
9 (RLIN) 84999
245 10 - MENCIÓN DEL TÍTULO
Título Em. Kant y la Escuela filosófica de Marburgo /
Mención de responsabilidad, etc. Paul Natorp ; traducción del alemán y notas por J.V. Viqueira.
260 ## - PUBLICACIÓN, DISTRIBUCIÓN, ETC.
Lugar de publicación, distribución, etc. Madrid :
Nombre del editor, distribuidor, etc. Librería de Francisco Beltrán,
Fecha de publicación, distribución, etc. [1915]
300 ## - DESCRIPCIÓN FÍSICA
Extensión 67 p. ;
Dimensiones 18 cm.
600 14 - PUNTO DE ACCESO ADICIONAL DE MATERIA--NOMBRE DE PERSONA
Nombre de persona Kant, Immanuel,
Fechas asociadas al nombre 1724-1804-
Subdivisión general Crítica e interpretación
9 (RLIN) 67497
700 1# - ENTRADA AGREGADA--NOMBRE PERSONAL
Nombre de persona Viqueira, J. V. (
Fechas asociadas al nombre 1886-1924)
9 (RLIN) 115424
852 ## - LOCALIZACIÓN
Ubicación ES-MaACL
Número de control de estantería T-1445-F-4
Holdings
Estatus retirado Estado de pérdida Estado de daño No para préstamo Colección Biblioteca de origen Biblioteca actual Ubicación en estantería Fecha de adquisición Fuente de adquisición Total de préstamos Signatura topográfica completa Código de barras Visto por última vez Precio de reemplazo Tipo de ítem Koha
        Colección de folletos Biblioteca del Ateneo de Madrid Biblioteca del Ateneo de Madrid Depósito folletos 17/01/2008     T-1445-F-4 1116669 23/02/2023 23/02/2023 Folleto